000 00703nam a2200217Ia 4500
999 _c41167
_d41167
001 7817
003 GE_BSU
005 20221116111251.0
008 181216s2008||||en |||||||||||||| ||eng||
020 _a9781580089050 x
040 _cGE_BSU
041 _aeng
080 _a641.2 L-41
100 _aLawler, Edmund O.
_914803
245 _aLessons in Wine Service from Charli Trotter /
_cEdmund O. Lawler.
264 _aToronto :
_bBerkeley,
_c2008.
300 _a162 p. :
_c24 cm.
653 _aLessons in Wine Service from Charli Trotter
653 _aღვინის სერვისის გაკვეთილები ჩარლი ტროტერისგან
942 _cBK
_2udc